| 000 | 01332cam a2200385 i 4500 | ||
|---|---|---|---|
| 999 |
_c66330 _d66330 |
||
| 001 | 768714001 | ||
| 003 | CO-MdFUSB | ||
| 005 | 20200627160050.0 | ||
| 007 | ta | ||
| 008 | 030424t1993 cau 000 0 eng | ||
| 010 | _a 2003391292 | ||
| 020 | _a[No incluye ISBN] | ||
| 040 |
_aDLC _cCO-MdFUSB _bspa _dCO-MdFUSBC _erda |
||
| 041 | 0 |
_aeng _aara |
|
| 082 |
_223 _a297 _bN565 |
||
| 100 | 1 |
_aNewton, P. _eautor |
|
| 240 | _aWomen in Islam Nisāʼ fī al-Islām | ||
| 245 | 1 | 4 |
_aThe place of women in pure Islam _c/ P. Newton , M. Rafiqul Haqq. |
| 246 | 1 | 4 | _aWomen in Islam |
| 246 | 1 | 4 | _aNisāʾ fī al-Islām |
| 264 | 1 |
_aPasadena, CA : _bI.F. Publications, _c[1993] |
|
| 264 | 4 | _c© 1993 | |
| 300 |
_a54 páginas. ; _c22 cm. |
||
| 336 |
_2rdacontent _atexto _btdi |
||
| 337 |
_2rdamedia _aotro _bn |
||
| 338 |
_2rdacarrier _avolumen _bnc |
||
| 505 | _aSuperioridad masculina - Deficiencias femeninas - ¿Qué es una mujer? - Derechos del esposo - Derechos de la mujer - Prerrogativas del hombre - El significado del contrato de matrimonio - El significado de la dote - Posición espiritual de la mujer. | ||
| 563 | _aRústico | ||
| 653 | _aMujeres en el islam. | ||
| 700 | 1 |
_aHaqq, M. Rafiqul. _eautor |
|
| 942 | _cBK | ||
| 945 | _aJTF-925 | ||